000 00616cam a22002173a 4500
001 43864
003 PGUSA
005 20140828084011.0
008 131002s2013||||xxu|||||s|||||000 | eng d
040 _aPGUSA
_beng
042 _adc
100 1 _aGregor, Elmer Russell,
_d1878-
245 1 0 _aRunning Fox
_h[electronic resource] /
_cElmer Russell Gregor
260 _bProject Gutenberg,
_c2013
506 _aPublic domain in the USA.
516 _aElectronic text
700 1 _aHutchison, D. C.,
_d1869-1954
830 0 _aProject Gutenberg
_v43864
856 4 0 _uhttp://www.gutenberg.org/ebooks/43864
942 _cEB
999 _c273115
_d273115